| 000 | 00819nam a22002417a 4500 | ||
|---|---|---|---|
| 003 | DO-SdBNP | ||
| 005 | 20210716133423.0 | ||
| 008 | 210414b2015 dr.||| 00| 0 spa d | ||
| 020 | _a9789945588569 | ||
| 040 |
_aBPMSU _bspa _cBPMSU |
||
| 082 |
_aRD863.5 _bS237n 2015 _222 |
||
| 100 | 1 |
_aSantos,Rafael _d1968 - |
|
| 245 |
_aLa novelística de Marcallé : _bReflexiones de un periodista / _cRafael Santos |
||
| 260 |
_aSanto Domingo : _bMinisterio de Cultura, _c2015 |
||
| 300 |
_a63 p. ; _c22 cm |
||
| 500 | _aIncluyes datos biográfico del autor , en la solapa de la cubierta | ||
| 590 | _aInventariado, 2021/mc | ||
| 600 | 1 | 4 |
_aMarcallé Abreu, Roberto _d1948- _xCrìtica e interpretaciòn |
| 650 | 4 | _aNovelas dominicanas | |
| 650 | 4 | _aLiteratura dominicana | |
| 910 | _aMcabrera / VMateo | ||
| 942 |
_2ddc _cBK |
||
| 999 |
_c13420 _d13420 |
||